1418 1287 1669 1954 1584 1760 1206 1111 1803 1866 1129 1254 1767 1190 1247 1776 1186 1007 1881 1348 1163 1723 1905 1241 1449 1780 1480 1883 1919 1967 1631 1832 1805 1672 1800 1150 1127 1332 1708 1739 1681 1734 1553 1408 1690 1638 1117 1137 1309 1608 1829 1071 1632 1989 1979 1496 1246 1821 1847 1271 1605 1858 1379 1644 1805 1797 1009 1590 1272 1981 1305 1911 1707 1351 1961 1090 1531 1287 1945 1598 1182 1382 1263 1834 1550 1787 1291 1408 1428 1551 1381 1954 1591 1823 1171 1284 1816 1547 1638 BCNSPRNW ULIB Ver.6.0+V

เปลี่ยนเป็นภาษาไทย

Change to English
 แสดงรายละเอียดบรรณานุกรม
  กลับหน้าหลัก

Brief Record : Get Marc (ISO 2709) : E-mail record : QR code < ปิดหน้าต่าง
LEADER : 00000nam 2200000uu 4500
001    13399107679
003     ULIB
008    110120s2553th 000 0 tha d
020    9786165511131
060 04 WI250^bส781ร
245 00 โรคกรดไหลย้อน /^cบรรณาธิการ สุเทพ กลชาญวิทย์
250    พิมพ์ครั้งที่ 1
260    กรุงเทพฯ :^bโรงพิมพ์แห่งจุฬาลงกรณ์มหาวิทยาลัย,^c2553
300    32 หน้า :^bภาพประกอบ ;^c27 ซม.
650  2 Gastroesophageal Reflux
650  2 Gastroesophageal Reflux^xdiagnosis
650  7 โรคกรดไหลย้อน
700 0  สุเทพ กลชาญวิทย์,^eบรรณาธิการ
710 2  สมาคมแพทย์ระบบทางเดินอาหารแห่งประเทศไทย.^bชมรมโมธิลิตี้แห่งประเทศไทย
710 2  จุฬาลงกรณมหาวิทยาลัย. ^bคณะแพทยศาสตร์ ภาควิชาอายุรศาสตร์สาขาวิชาโรคทางเดินอาหาร
945    ^p280^l0^i029335
945    ^p280^l0^i029334
945    ^p280^l0^i029333
945    ^p280^l0^i031239
945    ^p280^l0^i039041
945    ^p280^l0^i039042
945    ^p280^l0^i039043
945    ^p280^l0^i039044
945    ^p280^l0^i039045
945    ^p280^l0^i039046
945    ^p280^l0^i039047
945    ^p280^l0^i039048
995    เกษร
999 ^a ใช้งานได้ทุกระบบ
รายการนี้ยังไม่มีแท็ก
คุณยังไม่ได้ล็อกอิน คุณสามารถมีกิจกรรมร่วมกับเว็บไซต์ได้ แต่ต้องล็อกอินก่อน ::
  ล็อกอิน

รายการสื่อสารสนเทศ

ลำดับที่ ประเภท เลขเรียก/บาร์โค้ด สถานที่ สถานะ
1. วิทยาศาสตร์การแพทย์ และสุขภาพ
หนังสือสำรอง
สถานะ=หนังสือสำรอง
WI250 ส781ร ฉ.1 
  Barcode: 029333
ห้องสมุดวิทยาเขตสวรรค์ประชารักษ์
►ส่วนจัดเก็บหนังสือเก่า สปร
บนชั้น
  ขอยืม
2. วิทยาศาสตร์การแพทย์ และสุขภาพ
วิทยาศาสตร์การแพทย์ และสุขภาพ
WI250 ส781ร ฉ.10 
  Barcode: 039046
ห้องสมุดวิทยาเขตสวรรค์ประชารักษ์
►ส่วนจัดเก็บหนังสือเก่า สปร
บนชั้น
  ขอยืม
3. วิทยาศาสตร์การแพทย์ และสุขภาพ
วิทยาศาสตร์การแพทย์ และสุขภาพ
WI250 ส781ร ฉ.11 
  Barcode: 039047
ห้องสมุดวิทยาเขตสวรรค์ประชารักษ์
►ส่วนจัดเก็บหนังสือเก่า สปร
บนชั้น
  ขอยืม
4. วิทยาศาสตร์การแพทย์ และสุขภาพ
วิทยาศาสตร์การแพทย์ และสุขภาพ
WI250 ส781ร ฉ.12 
  Barcode: 039048
ห้องสมุดวิทยาเขตสวรรค์ประชารักษ์
►ส่วนจัดเก็บหนังสือเก่า สปร
บนชั้น
  ขอยืม
5. วิทยาศาสตร์การแพทย์ และสุขภาพ
วิทยาศาสตร์การแพทย์ และสุขภาพ
WI250 ส781ร ฉ.2 
  Barcode: 029334
ห้องสมุดวิทยาเขตสวรรค์ประชารักษ์
►ส่วนจัดเก็บหนังสือเก่า สปร
บนชั้น
  ขอยืม
6. วิทยาศาสตร์การแพทย์ และสุขภาพ
วิทยาศาสตร์การแพทย์ และสุขภาพ
WI250 ส781ร ฉ.3 
  Barcode: 029335
ห้องสมุดวิทยาเขตสวรรค์ประชารักษ์
►ส่วนจัดเก็บหนังสือเก่า สปร
บนชั้น
  ขอยืม
7. วิทยาศาสตร์การแพทย์ และสุขภาพ
วิทยาศาสตร์การแพทย์ และสุขภาพ
WI250 ส781ร ฉ.4 
  Barcode: 031239
ห้องสมุดวิทยาเขตสวรรค์ประชารักษ์
►ส่วนจัดเก็บหนังสือเก่า สปร
บนชั้น
  ขอยืม
8. วิทยาศาสตร์การแพทย์ และสุขภาพ
วิทยาศาสตร์การแพทย์ และสุขภาพ
WI250 ส781ร ฉ.5 
  Barcode: 039041
ห้องสมุดวิทยาเขตสวรรค์ประชารักษ์
►ส่วนจัดเก็บหนังสือเก่า สปร
บนชั้น
  ขอยืม
9. วิทยาศาสตร์การแพทย์ และสุขภาพ
วิทยาศาสตร์การแพทย์ และสุขภาพ
WI250 ส781ร ฉ.6 
  Barcode: 039042
ห้องสมุดวิทยาเขตสวรรค์ประชารักษ์
►ส่วนจัดเก็บหนังสือเก่า สปร
บนชั้น
  ขอยืม
10. วิทยาศาสตร์การแพทย์ และสุขภาพ
วิทยาศาสตร์การแพทย์ และสุขภาพ
WI250 ส781ร ฉ.7 
  Barcode: 039043
ห้องสมุดวิทยาเขตสวรรค์ประชารักษ์
►ส่วนจัดเก็บหนังสือเก่า สปร
บนชั้น
  ขอยืม
11. วิทยาศาสตร์การแพทย์ และสุขภาพ
วิทยาศาสตร์การแพทย์ และสุขภาพ
WI250 ส781ร ฉ.8 
  Barcode: 039044
ห้องสมุดวิทยาเขตสวรรค์ประชารักษ์
►ส่วนจัดเก็บหนังสือเก่า สปร
บนชั้น
  ขอยืม
12. วิทยาศาสตร์การแพทย์ และสุขภาพ
วิทยาศาสตร์การแพทย์ และสุขภาพ
WI250 ส781ร ฉ.9 
  Barcode: 039045
ห้องสมุดวิทยาเขตสวรรค์ประชารักษ์
►ส่วนจัดเก็บหนังสือเก่า สปร
บนชั้น
  ขอยืม

รายการใกล้เคียง
    หัวเรื่อง [Gastroesophageal Reflux]
    หัวเรื่อง [โรคกรดไหลย้อน]

BibComment


ยังไม่เคยถูกคอมเมนท์

คอมเมนท์ทรัพยากรรายการนี้
  คอมเมนท์: โรคกรดไหลย้อน บร..


 Copyright 2026. Bcnsprnw @Library